Mind Candy’s “Moshi Monsters” - Statistics

General Stats
  • This quiz has been taken 3 times
  • The average score is 12 of 22
Answer Stats
Hint Answer % Correct
6 adoptable monsters Diavlo
100%
6 adoptable monsters Furi
100%
6 adoptable monsters Katsuma
100%
6 adoptable monsters Luvli
100%
6 adoptable monsters Poppet
100%
6 adoptable monsters Zommer
100%
The potty pipsqueak Pooky
67%
Gross-ery Store owner Snozzle Wobbleson
67%
Moshi Monster's Christmas Twistmas
67%
Ex jazz musician + fisherman Beau Squiddly
33%
Cap'n Buck‘s ship Cloudy Cloth Clipper
33%
Sly Chance's "store" Dodgy Dealz
33%
Biggest critic in Monstro City Egon Groanay
33%
Island discovered by Gail Whale Gift Island
33%
Captain Codswallop’s ship Gooey Galleon
33%
Dr. Strangeglove Lavender Troggs
33%
1st single by the The Fizzbangs Monstrocity
33%
Music festival occurring in Trembly Stadium Moshi Fest
33%
Minigame inspired by Angry Birds Moshling Boshling
33%
Main newspaper The Daily Growl
33%
Major event that happened in 99999.5 The Great Custard Flood
33%
Habitat of Cutie Pie Ramekin Plain
0%
No matching quizzes found
Score Distribution
Percent of People with Each Score
Percentile by Number Answered
Your Score History
You have not taken this quiz